000 00719nam a2200289Ia 4500
005 20260324131007.0
008 008 260324s9999 xx 000 0 eng d
020 _a9781315135823
037 _aEBOOK
040 _aCRL
040 _beng
040 _cCRL
041 _2eng
041 _aeng
084 _qCRL
100 _aAhron Layish
_91183820
245 0 _aWomen and Islamic Law in a Non-Muslim State
245 2 _bA Study Based on Decisions of the Shari'a Courts in Israel
260 _bTaylor and Francis
260 _c2006
365 _a
365 _b230
856 _uhttp://www.taylorfrancis.com/books/9781315135823
942 _cEBOOK
999 _c1780589
_d1780589